LEADER 02524nam2 22004333i 450 001 VAN00262981 005 20250115120334.218 012 $2fei$aS.D. 1.9. e-si roth (3) 1763 (R)$5VAN 012 $2fei$9* Sostituisce un carattere non leggibile$aS.D. *.9. e-si roth (3) 1763 (R)$5VAN 012 $2fei$aS.D. t.0. e-si roth (3) 1763 (R)$5VAN 100 $a20230906d1763 |0itac50 ba 101 $alat 102 $aIT 140 $a||||||||| ||||||||| 181 $ai$b e 182 $an 183 $anc 200 0 $a2 210 $aNeapoli$cex typographia Simoniana$csumptibus Dominici Terres$d1763 215 $aVI, 133, [3] p.$d4° 300 $aSegnatura: a² ?1 A-R? 300 $aLa carta R4 bianca 316 $aEsemplare mutilo delle pag. 128-130.$5IT-VAN18 ANAT1.700.16/2 461 1$1001VAN00262979$12001 $aˆJo. Baptistae Morgagni ... ‰Opuscula miscellanea quorum non pauca nunc primum prodeunt, tres in partes divisa. Pars prima [-tertia]$1205 $aIn hac prima editione Neapolitana adduntur Epistolae anatomicae duae$1210 $aNeapoli$cex typographia Simoniana$csumptibus Dominici Terres$c[poi] typis Josephi Raymundi$d1763$1215 $a4 volumi$cill.$d4°$1300 $aTitolo dell'occhietto: Jo. Baptistae Morgagni nova institutionum medicarum idea$1300 $aFrontespizio del vol. 1 in caratteri rossi e neri$1300 $aL'indicazione di edizione precede la numerazione dei volumi$1300 $aMarca (Donna armata seduta attorniata da bandiere entro cornice ornata con due cornucopie) sul frontespizio$1300 $aAntip. con ritratto dell'autore nel vol 1$v2 620 $dNapoli$3VANL000005 700 1$aMorgagni$bGiovanni Battista$3VANV126770$071966 712 02$aTerres, Domenico$3VANV083516$4750 712 02$aDi Simone$3VANV075175 790 1$aMorgagni, Giambattista$zMorgagni, Giovanni Battista$3VANV126771 790 1$aMorgagni, Joannes Baptista$zMorgagni, Giovanni Battista$3VANV126772 790 1$aMorgagni, Giovan Battista$zMorgagni, Giovanni Battista$3VANV126773 791 02$aStamperia Simoniana$zDi Simone$3VANV083340 801 $aIT$bSOL$c20260130$gRICA 856 4 $uhttps://www.vdl.unicampania.it/handle/20.500.14011/297$zVanvitelli Digital Library 899 $aUFFICIO BIBLIOTECA AREA MUSEALE$2VAN18 912 $aVAN00262981 950 $aUFFICIO BIBLIOTECA AREA MUSEALE$d18ANAT 1. 700.16 $e18MUS466 2 20230906 Esemplare mutilo delle pag. 128-130.$sBuono 996 $a2$94209496 997 $aUNICAMPANIA